00998nab a22002057a 4500003000400000005001700004008004100021040000700062100002000069245007900089260007300168300001300241500003700254505022100291505008200512650001800594650001200612650001900624773014900643OSt20251219094748.0190429b xxu||||| |||| 00| 0 spa d cPJ aDaruich, Vanesa10aReflexiones sobre el robo con armas propias e impropias /cVanesa Daruich. cCiudad Autónoma de Buenos Aires :aThomson Reuters La Ley, b2025. ap. 12-20 aCita: TR LALEY AR/DOC/1065/2025. aSumario: I. Introducción y antecedentes normativos.— II. Marco regulatorio penal actual del derecho de propiedad.— III. La problemática en el uso de armas impropias en el delito de robo.— IV. Conclusión.  tSi te interesa el texto completo, solicitalo a koha@justierradelfuego.gov.ar  0aDERECHO PENAL 0aDELITOS 0aROBO CON ARMAS0 02658tRevista de derecho penal y criminología. Nº 5 - Junio 2025dCiudad Autónoma de Buenos Aires : Thomson Reuters La Ley, 2017-x00347914